Controlling v podnikoch financovaných z verejných zdrojov

Charakterizovanie a vzťah kontrolingu a kontroly, ktorý predstavuje modernú koncepciu riadenia v podnikoch. Riadenie využívajúce informačné technológie pre potreby manažmentu a uskutočnenie rozhodovania v podniku.

Guardado en:
Detalles Bibliográficos
Autor principal: Foltínová, Alžbeta
Formato: Capítulo de libro
Lenguaje:eslovaco
Materias:
Etiquetas: Agregar Etiqueta
Sin Etiquetas, Sea el primero en etiquetar este registro!

MARC

LEADER 00000naa$a2200000$$$4500
001 0167784
005 20240502072926.4
041 0 |a slo 
044 |a SK 
245 1 0 |a Controlling v podnikoch financovaných z verejných zdrojov  |c Alžbeta Foltínová 
520 |a Charakterizovanie a vzťah kontrolingu a kontroly, ktorý predstavuje modernú koncepciu riadenia v podnikoch. Riadenie využívajúce informačné technológie pre potreby manažmentu a uskutočnenie rozhodovania v podniku. 
610 2 0 |a podnik 
610 2 0 |a informácie 
610 2 0 |a kontroling 
610 2 0 |a kontrola 
610 2 0 |a metódy organizácie 
610 2 0 |a metódy riadenia 
610 2 0 |a financie verejné 
100 1 |a Foltínová, Alžbeta